AP Brainrot Quiz - Statistics

General Stats
  • This quiz has been taken 196,530 times
    195,927 since last reset
  • The average score is 41 of 100
Answer Stats
Question Answer % Correct
Charisma/Ability to attract females Rizz
99%
What exercise improves your jawline? Mewing
90%
_________ Toilet Skibidi
83%
What is the weirdest state? Ohio
78%
A term used to refer to a very successful and masculine, yet very independentman with little interest in others and their emotions. Sigma
76%
A term used to refer to an attractive person's large posterior; can also represent shock Gyatt
74%
Who taxes food? Fanum
70%
What is it called when you stop right before you finish? Edging
69%
Sticking out your gyatt for the ________ Rizzler
69%
Hold up, let him _______ Cook
66%
A person with an incredible physique and jawline is a Giga-______ Chad
65%
Sussy ______ Baka
63%
What is called when you look better than someone? Mogging
62%
What energy drink did Logan Paul and KSI make? Prime
62%
Someone that is considered a "Lone Wolf" Alpha
60%
What is called when you improve your looks? Looksmaxxing
60%
Middle aged woman who is known to complain to managers Karen
58%
YouTube who is famous for giving away stuff to fans and random people MrBeast
58%
What is it called when someone is talking too much nonsense? Yapping
58%
Which superhero does every man think he is, especially at night? Batman
57%
Ws in the ______ Chat
57%
Famous athlete associated with the song, "You are my sunshine" LeBron James
57%
A party held recently that has landed all over everyone's fyp. TikTok Rizz Party
57%
Who got a low taper fade? Ninja
56%
Streamer who is famous for his love for Cristiano Ronaldo Speed
56%
I am ________ days into college and I'm three lectures behind 2
54%
What does one have when their brain is full of TikTok terms, memes and jokes? Brainrot
54%
John ________ is calling Pork
54%
Who Rizzed Livvy Dunne? Baby Gronk
53%
Jake Paul was the founder of Team ______ 10
52%
Another twitch streamer, most recently famous for getting friendzoned by famousSouth African artist Tyla Kai Cenat
52%
Greatest video game to ever exist, streamer with low taper fade plays this Fortnite
51%
_________ no scope 360
50%
The distinctive atmosphere or quality that seems to surround and be generated by a person, thing, or place Aura
50%
Slang term for hot dog; One could be a _______ Gobbler Glizzy
50%
Female rapper known for her gyatt and songs such as "Deli" Ice Spice
50%
What is someone that lacks any type of emotion or personality, and can be found anywhere, including video games? NPC
50%
Someone that is your enemy is considered an _____. Term is popular among gangs Opp
50%
Famous person who "escaped the matrix", arrested and sent to prison, lives in Romania Andrew Tate
49%
Who sang "It's Everyday Bro"? Jake Paul
49%
Light work, no _______ Reaction
49%
Who had a video leaked of them stroking their meat? Drake
48%
The name of the drink from the trend that depicts people supposedlyfalling down and fainting after drinking this drink. Grimace Shake
48%
Murder mystery game from 2020 Among Us
47%
Messaging and voice chat platform full of basement dwellers Discord
45%
People from this state are known to do insane things and commit absurd crimes. ________ man Florida
43%
What Song was played at the TikTok Rizz Party? Carnival
42%
A form of currency that originates from a video game V-bucks
41%
What is the human equivalent (same size) to a black hole? Caseoh
40%
Most basic skin in Fortnite; Someone who does not have any skins is this Default
40%
When you overhype and over-compliment someone to the point where it's really annoying and cringeworthy Glazing
40%
When one brings themselves close to finishing repetitively, yet does not finishand continues to repeat this procedure over long periods of time; Intense form of edging Gooning
40%
A win in Fortnite is a __________ Victory Royale
40%
The term used to refer to a very basic and normal person, with no uniquepersonality. Most of the population is this. Beta
37%
The school where a person can master the art of mogging Mogwarts
37%
Someone who does not mew and does not breathe from their nose? Mouth breather
36%
Kumalala Kumalala Kumalala __________ Savesta
34%
Who's the group leader of the TikTok Rizz Party? Blue Tie
33%
Term used for a girl who gets passed around Bop
33%
Famous actor who is a doctor, teacher, astronaut, etc.... Johnny Sins
33%
_________ Quandale Dingle Turkish
33%
What is the enemy of skibidi toilet? Cameraman
32%
Insanely large person who appeared on Adin Ross's stream; known as __________ The Destroyer Gorlock
32%
Streamer who is a massive NFL fan, especially the Houston Texans. Does not have a disability despite allegations that he does. Famous for saying "What's up brother" Sketch
32%
An older senior who hits on younger freshman in school Super Senior
32%
What is the highest level gyatt that one could have? 5
31%
Someone who is a fan of Logan Paul is part of the _________ Logang
31%
A male friend who gets with his friends' girls; One could be a ________ Hopper Homie
30%
Stories from this platform are usually shown on TikTok; Can be filled with explicit content Reddit
30%
What is the exercise to extend your meat/wood Jelqing
28%
Most dangerous neighborhood in the U.S. that is located in Chicago O-Block
28%
A twitch streamer often revered as the epitome of the appearance of man(6'4, plays basketball) Duke Dennis
25%
What lawyer is notorious for releasing supervillains? Jayoma
25%
Another term for the person above Bot
24%
Dance that was made famous by Justin Jefferson and Ja'marr Chase Griddy
24%
What TV character appears in the Brainrot Quizzes on TikTok; Usually asks the questions SpongeBob
24%
Streamer who is famous for his incredibly low basketball IQ. He reaches his peak performance in the month of June Flight
22%
Streamer who pulled Breckie Hill Jynxzi
22%
The _______ way is a style of sandwich-making that Arabic New York City bodega and deli chefs are known for, featuring large portions of meat and fried food like burgers, chicken cutlets, mozzarella sticks, french fries, chicken tenders, pancakes and more, stuffed into a sandwich Ocky
22%
Catchphrase used by the person above in the hallways Where my hug at?
22%
Streamer known for doing dumb things; friends with Bronny; used to play 2k; got played by Pami Adin Ross
21%
YouTuber who fell asleep at a WNBA game Jidion
20%
A person who does not have Rizz has this L Rizz
20%
A slang term used to address men - equivalent to "bro" Blud
19%
What's up guys, ______________ here Quandale Dingle
19%
A phrase that only sigmas use when they can't believe something Erm what the sigma
18%
a slang term for someone who's incredibly exceptional, authentic, or “old-school OG
17%
The school where one can acquire rizz Rizz Academy
17%
Which person never loses, no matter the circumstance? He is from Alvin and the Chipmunks Ian Hawke
16%
On what day was TikTok filled with slideshows of explicit adult content? December 22
15%
Which college athlete made the song above famous? Jared McCain
12%
Where are all athletes that are trash sent to? China
11%
A Spanish-speaking influencer from Dominica who primarily createsfood and supermarket videos. Also referred to as King of Ohio Don Pollo
11%
Animals, primarily dogs, are depicted of paying money to what character? Bill Collector
8%
Nickname of the person above (Hint: NBA Player) DeMarcus Cousins III
8%
The term used to refer to maintaining the oral posture to restructurethe jaw shape over prolonged periods of time Mewing Streak
8%
What app is known for being put on TikTok slideshows; very controversial and has been in the news recently Temu
8%
What is the most dangerous school? Miller Grove
7%
What is the number one rule in mogwarts? No talking
7%
AI generated bird that is the chill plug Luh Calm Fit
6%
No matching quizzes found
Score Distribution
Percent of People with Each Score
Percentile by Number Answered
Your Score History
You have not taken this quiz since the last reset